| 000 | 01338nam a2200253Ia 4500 | ||
|---|---|---|---|
| 999 |
_c42046 _d42046 |
||
| 001 | 8736 | ||
| 003 | GE_BSU | ||
| 005 | 20240527155946.0 | ||
| 008 | 181216s1986||||ge |||||||||||||| || || | ||
| 040 | _cGE_BSU | ||
| 041 | _ageo | ||
| 080 | _a82.0(075.8) ლ–68 | ||
| 245 |
_aლიტერატურის თეორიის საფუძვლები : _b[სახელმძღვ. უმაღლ. სასწ. ფილოლ. ფაკ-ტის სტუდ. / _cგ. ციციშვილი, ა.გაწერელია, მ. დუდუჩავა და სხვ. ; ნ. ჭოლოკავას საერთო რედ.] |
||
| 250 | _aმე–3 შევსებული და გადამუშავებული | ||
| 264 |
_aთბილისი : _bგანათლება, _c1986. |
||
| 300 |
_a501 გვ. ; _c22 სმ. |
||
| 541 | _h8ლ. | ||
| 653 | _aლიტერატურის თეორიის საფუძვლები | ||
| 700 |
_aციციშვილი, გ. _eავტორი _916294 |
||
| 700 |
_aგაწერელია,ა _eავტორი _922192 |
||
| 700 |
_aდუდუჩავა, მ. _eავტორი _918901 |
||
| 700 |
_a ჭოლოკავა,ნ. _eრედაქტორი _922193 |
||
| 942 |
_cBK _2udc |
||